000 01105nam2a22002411 4500
001 rc\4928460
005 20250612204940.0
035 _a(NLR Aleph) 008844749
090 _a8364338
_c8364338
100 _a20130426d1960 |||y0rusy50 ca
101 0 _arus
102 _aRU
105 _aa z |||||
200 1 _aСекция антенных систем
210 _d[1960]
_aБ. м.
215 _a69 с.
_cил.
320 _aБиблиогр. в конце статей
461 0 _1001rc\4928459
_12001#$aТруды Юбилейной научно-технической конференции$e(1-4 дек. 1958 г.)$fОтв. ред. Брахман Т.Р. [1]-$gГос. ком. Совета Министров по радиоэлектронике. Предприятие$v[1]
_98364334
_cМосква
_d[1960]
_fОтв. ред. Брахман Т.Р. [1]-
_nБ. и.
_o(1-4 дек. 1958 г.)
_tТруды Юбилейной научно-технической конференции
_v[1]
801 0 _aRU
_bNLR
_gpsbo
801 1 _aRU
_bELAR
_2rusmarc
852 _aNLR
_j60-6/9023
942 _cBOOK
980 _aNB